Music Quiz

Random Music or Decade Quiz

Wasting Time in the '60s Quiz Stats

 Plays Quiz Updated May 17, 2018

Challenge
Share
Tweet
Embed
Score 0/20 Timer 05:00
1 Play Today
% Correct
(Sittin' On) The Dock Of The Bay
88.6%
Blowin' In the Wind
86.5%
The Twist
77.2%
God Only Knows
72.2%
Dancing in the Street
64.1%
Leaving on a Jet Plane
63.7%
Working My Way Back To You
57.9%
Getting Better
50.9%
Crying In The Chapel
49.9%
I Can't Explain
48.9%
% Correct
Groovin'
44.4%
Wishin' And Hopin'
43.2%
Walking To New Orleans
38.4%
Standing In The Shadows Of Love
35.6%
Living In The Past
34.8%
Living In The U.S.A.
34.5%
Tossin' and Turnin'
25.3%
Oscillations
18.7%
Making Time
18%
I Looked At You
16.7%

You're not logged in!

Compare scores with friends on all Sporcle quizzes.
Join for Free
OR
Log In

You Might Also Like...

Show Comments

Extras

Top Quizzes Today


Score Distribution

Your Account Isn't Verified!

In order to create a playlist on Sporcle, you need to verify the email address you used during registration. Go to your Sporcle Settings to finish the process.

Report this User

Report this user for behavior that violates our Community Guidelines.

Details: